Runescape Monsters/Bosses/Minigames/Quests - Statistics

General Stats
  • This quiz has been taken 735 times
  • The average score is 7 of 13
Answer Stats
Hint Answer % Correct
Found in Lumbridge. Moo!@! cow
99%
You must fight the 7 brothers. Barrows
78%
Do you think you did good on this quiz? yes
77%
A quest where you must defeat Elvarg. Dragon Slayer
73%
Found in the wilderness. Drops a draconic visage if you're lucky. King Black Dragon
72%
Great money for members. Found in the wilderness. Don't forget an anti-dragonfire sheild! Green Dragons
67%
Also Found in Lumbridge. Great for beginers to get money and train. Chicken
66%
A difficult boss to solo added to the game in 2009."The Beast" corporeal beast
44%
Dragons that require 85 dungoneering. Frost Dragons
40%
A new boss that after killed, You loot a chest. Queen Black Dragon
37%
They drop many herbs. Members only and low leveled. Chaos Druids
36%
A monster that requires a decent slayer level and drops a decent melee weapon. Abyssal Demons
33%
A difficult quest for players of any level. You receive apecial abilities at the end. Ritual of the Mahjarrat
7%
No matching quizzes found
Score Distribution
Percent of People with Each Score
Percentile by Number Answered
Your Score History
You have not taken this quiz